| 000 | 00793nam a2200241 u 4500 | ||
|---|---|---|---|
| 005 | 20230316063555.0 | ||
| 008 | 080512s2007 r 000 0 eng d | ||
| 020 | _a9781404826618 (13 digitos) | ||
| 020 | _a1404826610 (10 digitos) | ||
| 035 | _aUPN01000155829 | ||
| 049 | _aI | ||
| 050 | 4 |
_aPZ10.3 _bD6.6 |
|
| 100 | 1 | _aDolan, Penny | |
| 245 | 1 | 3 |
_aLa pata Flora / _cPenny Dolan ; il. por Kay Widdowson ; tr. Sol Robledo. |
| 260 |
_aMinneapolis, EUA : _bPicture Window Books, _c2007. |
||
| 300 |
_a32 p. : _bprincipalmente il. col. |
||
| 440 | 0 |
_aRead-it! readers. _pNivel verde |
|
| 650 | 4 |
_aCuentos infantiles ingleses _910002 |
|
| 650 | 0 |
_aAnimales _vCuentos y leyendas _9234 |
|
| 650 | 4 |
_aPATOS - _vLITERATURA INFANTIL _910192 |
|
| 700 | 1 |
_aWiddowson, Kay, _eil. |
|
| 905 | _aInfantil | ||
| 999 |
_c127943 _d127943 |
||